Project Icarus /

Bibliographic Details
Corporate Author: Massachusetts Institute of Technology
Other Authors: Kleiman, Louis A.
Format: Book
Language:English
Published: Cambridge : M.I.T. Press, [1968]
Series:M.I.T. report ; no. 13.
Subjects:

MARC

Tag First Indicator Second Indicator Subfields
LEADER 00000cam a2200000 4500
001 in00000098356
005 20150925115550.0
008 690324s1968 maua b 00100 eng
010 |a  68057726  
035 |a (OCoLC)00002863 
035 |9 AAL3293AM 
037 |c 6.95 
040 |a DLC  |c DLC  |d TXA  |d UtOrBLW 
049 |a TXAM  |c 1 [850820]  |c 2 [1205365] 
050 0 0 |a TL788.8.U6  |b I2 
082 0 |a 629.43 
245 0 0 |a Project Icarus /  |c Louis A. Kleiman, editor. 
264 1 |a Cambridge :  |b M.I.T. Press,  |c [1968] 
300 |a xiv, 121 pages :  |b illustrations ;  |c 26 cm. 
336 |a text  |b txt  |2 rdacontent 
337 |a unmediated  |b n  |2 rdamedia 
338 |a volume  |b nc  |2 rdacarrier 
490 1 |a M.I.T. report no. 13 
500 |a "Interdepartmental student project in systems engineering at the Massachusetts Institute of Technology, spring term, 1967." 
504 |a Includes bibliographies. 
650 0 |a Systems engineering. 
650 0 |a Space vehicles. 
650 0 |a Hydrogen bomb. 
650 0 |a Asteroids  |x (1566) 
700 1 |a Kleiman, Louis A. 
710 2 |a Massachusetts Institute of Technology. 
830 0 |a M.I.T. report ;  |v no. 13. 
999 |a MARS 
999 f f |s 9c58374d-3371-3a9a-90a6-66044cd8ced8  |i 88c7d2f1-fd35-3c9e-8423-6636355e44af  |t 0 
952 f f |p normal  |a Texas A&M University  |b College Station  |c Sterling C. Evans Library  |s Evans stk  |d Evans: Library Stacks  |t 0  |e TL788.8.U6 I2  |h Library of Congress classification  |i unmediated -- volume  |m A14805555227 
998 f f |a TL788.8.U6 I2  |t 0  |l Evans: Library Stacks